Pályázatok ismerete és elérhetősége a magyar lovasturizmusban
| Szerző: | |
|---|---|
| További közreműködők: | |
| Dokumentumtípus: | Diplomadolgozat |
| Kulcsszavak: | belföldi kereslet hagyományőrzés lovasturizmus pályázati támogatások vidék fejlesztés |
| Online Access: | http://dolgozattar.uni-bge.hu/60145 |
MARC
| LEADER | 00000nta a2200000 i 4500 | ||
|---|---|---|---|
| 001 | dolg60145 | ||
| 005 | 20260409150040.0 | ||
| 008 | 260409suuuu hu om 000 hun d | ||
| 040 | |a BGE Dolgozattár Repozitórium |b hun | ||
| 041 | |a hu | ||
| 100 | 1 | |a Dolina Réka | |
| 245 | 1 | 0 | |a Pályázatok ismerete és elérhetősége a magyar lovasturizmusban |c Dolina Réka |h [elektronikus dokumentum] |
| 520 | 3 | |a Dolgozatom elsődleges célja a szakirodalmi áttekintés és egy kutatás segítségével felmérni a mai lovasturizmust Magyarországon. Munkám rálátást ad arra, hogy az ágazatban részvevők milyennek látják a helyzetét és mikben lenne szükség változtatásra. Legfontosabb és elsődleges kutatási kérdésem, melyre választ adok, hogy jelenleg milyen pályázatok elérhetők a szegmensben és ezek milyen arányban jutnak el a közösség tagjaihoz. Emellett elemzem, hogy kik élnek ezekkel és mire használják őket. Egy átfogóbb képet adok arról, hogy kik a lovasturizmus magyar résztvevői, mivel foglalkoznak és kik az elsődleges célcsoportjuk. Dolgozatomban zárásaként a kutatásom eredményei alapján javaslatokat teszek az ágazat fejlesztésére. | |
| 695 | |a belföldi kereslet | ||
| 695 | |a hagyományőrzés | ||
| 695 | |a lovasturizmus | ||
| 695 | |a pályázati támogatások | ||
| 695 | |a vidék fejlesztés | ||
| 700 | 1 | |a Földi Dr. Péter |e ths | |
| 856 | 4 | 0 | |u http://dolgozattar.uni-bge.hu/60145/1/P%C3%A1ly%C3%A1zatok%20ismerete%20%C3%A9s%20el%C3%A9rhet%C5%91s%C3%A9ge%20a%20magyar%20lovasturizmusban.pdf |z Dokumentum-elérés |
| 856 | 4 | 0 | |u http://dolgozattar.uni-bge.hu/60145/2/B%C3%ADr%C3%A1lati%20lap_Dolina%20R%C3%A9ka.pdf |z Dokumentum-elérés |
| 856 | 4 | 0 | |u http://dolgozattar.uni-bge.hu/60145/3/Dolina%20R%C3%A9ka_opponens_Dr.%20Moln%C3%A1r%20Csilla.pdf |z Dokumentum-elérés |